MARC details
| 000 -CABECERA |
| campo de control de longitud fija |
01334nam a2200289 a 4500 |
| 001 - NÚMERO DE CONTROL |
| campo de control |
000022579 |
| 005 - FECHA Y HORA DE LA ÚLTIMA TRANSACCIÓN |
| campo de control |
20240313182403.0 |
| 008 - DATOS DE LONGITUD FIJA--INFORMACIÓN GENERAL |
| campo de control de longitud fija |
101013s1986 dr a 000 0bspa d |
| 040 ## - FUENTE DE LA CATALOGACIÓN |
| Centro catalogador/agencia de origen |
DO-SdBNP |
| Lengua de catalogación |
spa |
| Centro/agencia transcriptor |
BNPHU |
| 082 ## - NÚMERO DE LA CLASIFICACIÓN DECIMAL DEWEY |
| Número de clasificación |
923.9 |
| Número de documento/Ítem |
C719T, 1986 |
| 049 ## - FONDOS LOCALES (OCLC) |
| Fondos de biblioteca |
BNPD |
| 100 1# - ENTRADA PRINCIPAL--NOMBRE DE PERSONA |
| Nombre de persona |
Tejera, D. Emilio, |
| Fechas asociadas al nombre |
1841-1923 |
| 9 (RLIN) |
46471 |
| 245 14 - MENCIÓN DE TÍTULO |
| Título |
Los restos de Colón en Santo Domingo ; |
| Resto del título |
Los dos restos de Cristóbal Colón / |
| Mención de responsabilidad, etc. |
D. Emilio Tejera ; introducción Pedro Troncoso Sánchez ; prólogo Federico Henríquez y Carvajal]. |
| 260 ## - PUBLICACIÓN, DISTRIBUCIÓN, ETC. |
| Lugar de publicación, distribución, etc. |
Santo Domingo : |
| Nombre del editor, distribuidor, etc. |
Sociedad Dominicana de Bibliofilos, |
| Fecha de publicación, distribución, etc. |
1986. |
| 300 ## - DESCRIPCIÓN FÍSICA |
| Extensión |
316 p. : |
| Otras características físicas |
il. ; |
| Dimensiones |
24 cm. |
| 500 ## - NOTA GENERAL |
| Nota general |
Incluye indíce onomástico: p. 299-311. |
| 502 ## - NOTA DE TESIS |
| Nota de tesis |
Publicado con: Los dos restos de Cristóbal Colón |
| 563 ## - NOTA DE ENCUADERNACIÓN |
| Nota de encuadernación |
Dos obras encuadernadas juntas con paginación continua |
| 504 ## - NOTA DE BIBLIOGRAFÍA, ETC. |
| Nota de bibliografía, etc. |
Incluye referencias bibliográficas y notas al pie de las páginas. |
| 533 ## - NOTA DE REPRODUCCIÓN |
| Tipo de reproducción |
Basada en la tercera edición de 1928. |
| 600 #0 - PUNTO DE ACCESO ADICIONAL DE MATERIA--NOMBRE DE PERSONA |
| Nombre de persona |
COLÓN, CRISTOBAL, |
| Fechas asociadas al nombre |
1436-1456 |
| 9 (RLIN) |
19795 |
| 650 #4 - PUNTO DE ACCESO ADICIONAL DE MATERIA--TÉRMINO DE MATERIA |
| Término de materia o nombre geográfico como elemento de entrada |
República dominicana |
| Subdivisión general |
Historia |
| 9 (RLIN) |
416 |
| 700 12 - PUNTO DE ACCESO ADICIONAL--NOMBRE DE PERSONA |
| Nombre de persona |
Tejera, D. Emilio, |
| Fechas asociadas al nombre |
1841-1923 |
| Título de la obra |
Los dos restos de Cristóbal Colón |
| 9 (RLIN) |
46472 |
| 700 12 - PUNTO DE ACCESO ADICIONAL--NOMBRE DE PERSONA |
| Nombre de persona |
Henríquez i Carvajal, Federico, |
| Fechas asociadas al nombre |
1848-1952 |
| Término indicativo de función/relación |
pról. |
| 9 (RLIN) |
7792 |
| 700 12 - PUNTO DE ACCESO ADICIONAL--NOMBRE DE PERSONA |
| Nombre de persona |
Troncoso Sánchez, Pedro, |
| Fechas asociadas al nombre |
1904-1989 |
| 9 (RLIN) |
23599 |
| 910 ## - DATOS DE OPCIÓN DEL USUARIO (OCLC) |
| Datos de opción del usuario |
Validado. Control de calidad BNPHU |